000 00588nam a2200181 i 4500
001 100152
003 ES-MaACL
005 20230906182621.0
007 t|
008 050922s1977 zzz ||||1| spa d
100 1 _aMartínez-Val, Rodrigo.
_978457
245 1 3 _aEl fenestrón /
_cpor Rodrigo Martínez-Val Peñalosa.
260 _a[S.l. :
_bs.n.],
_c1977.
300 _aP.13-17 ;
_c32 cm.
500 _aEs fotocopia de la revista Ingeniería Aeronáutica y Astronáutica, nº 168. Abril 1977, p. 13-17.
650 0 4 _aHelicópteros.
_913299
852 _aES-MaACL
_j2106-F-15
_bR.96752
999 _c100152
_d100152